Statystyki dla Rasy psów po polsku

Kliknij tutaj aby rozwiązać quiz!

Ogólne statystyki

  • Ten quiz został rozwiązany 95 razy
  • Średni wynik to 29 z 60

Statystyki odpowiedzi

OdpowiedźHint% Poprawnych
Owczarek NiemieckiO
89%
MaltańczykM
80%
Husky SyberyjskiH/S
77%
Yorkshire TerrierY
77%
BeagleB
75%
AmstaffA
73%
DobermanD
73%
JamnikJ
72%
Labrador RetrieverL
72%
BernardynB
70%
DalmatyńczykD
70%
Golden RetrieverG
69%
Owczarek Szkocki (Collie)O/C
69%
PudelP
67%
Buldog FrancuskiB
66%
AkitaA
64%
Border CollieB
64%
MopsM
64%
Buldog AngielskiB
59%
Owczarek PodhalańskiO
59%
ChartC
58%
ChihuahuaC
58%
Chow ChowC
55%
Dog NiemieckiD
55%
RottweilerR
53%
Cocker SpanielC
50%
SamojedS
50%
BokserB
48%
ShibaS
48%
WyżełW
48%
PitbullP
47%
SzpicS
47%
Alaskan MalamuteA
44%
Berneński Pies PasterskiB
44%
Corgi (Welsh Corgi)C/W
44%
Owczarek AustralijskiO
44%
PekińczykP
44%
MastifM
42%
BassetB
39%
Jack Russel TerrierJ
38%
Shih TzuS
38%
BulterierB
36%
PinczerP
36%
Cavalier King Charles SpanielC
34%
PomeranianP
34%
NowofundlandN
31%
SeterS
30%
SznaucerS
28%
Dog ArgentyńskiD
25%
Grzywacz ChińskiG/C
23%
FoksterierF
22%
HawańczykH
22%
BasenjiB
20%
Cane corsoC
20%
Bichon FriseB
19%
BolończykB
19%
Charcik WłoskiC
19%
Airedale TerrierA
17%
PapillonP
17%
Springer SpanielS
8%

Rozkład punktacji

Percentyl według liczby udzielonych odpowiedzi

Procent ludzi z każdym wynikiem

Twoja historia wyników

Nie rozwiązałeś tego quizu